Datum a čas kvízu
33
Celkem bodů
Celkový počet nahraných bodů na tomto kvízu bez doplňovacích otázek.
6.
Pořadí na kvízu
Konečné umístění týmu na tomto kvízu.
Zaznamenané odpovědi
| # | Otázka | Odpověď | Body | Výsledky |
|---|---|---|---|---|
| 1. | Minulý týden se konala velmi k... | zadek | 0 | |
| 2. | Sarah Mullally stanula minulý... | o anglikánskou církev | 1 | |
| 3. | Na filmovém festivalu v Curych... | Byla vytvořena umělou inteligencí (AI). | 1 | |
| 4. | Od 1. října už není možné žáda... | Superdávka | 1 | |
| 5. | Nejvyšší česká fotbalová liga... | FC Viktoria Plzeň, FK Pardubice | 1 | |
| 6. | Wikipedii s nejvyšší pravděpod... | z havajštiny | 0 | |
| 7. | Fanoušci kvízu občas jistě se... | A | 1 | |
| 8. | Dobrým zdrojem informací jsou... | Jsi chytřejší než páťák? | 0 | |
| 9. | Mnemotechnické pomůcky se hodí... | barvy duhy (pořadí) | 1 | |
| 10. | Někdy však k úspěchu v kvízu s... | 1B 2D 3C 4A | 1 |